Международная конференция "Девонские наземные и морские обстановки: от континента к шельфу", 25 июля - 9 августа 2005, Новосибирск, Россия (Запись № 1357285)

Подробности
000 -МАРКЕР
контрольное поле 02036nam0a2200313 4500
001 - ИДЕНТИФИКАТОР ЗАПИСИ
контрольное поле RU\NLR\bibl\841603
005 - ИДЕНТИФИКАТОР ВЕРСИИ
контрольное поле 20260407121338.0
010 ## - МЕЖДУНАРОДНЫЙ СТАНДАРТНЫЙ НОМЕР КНИГИ (ISBN)
Номер (ISBN) 5-7692-0770-1
Тираж 200
021 ## - НОМЕР ГОСУДАРСТВЕННОЙ РЕГИСТРАЦИИ
Код страны российская федерация
Номер 2005-51234
Номер Листа государственной регистраци 2497
035 ## - ДРУГИЕ СИСТЕМНЫЕ НОМЕРА
Идентификатор записи (NLR Aleph) 000830427
100 ## - ДАННЫЕ ОБЩЕЙ ОБРАБОТКИ
Данные общей обработки 20050916d2005 |||y0rusy50 ca
101 0# - ЯЗЫК РЕСУРСА
Язык текста, звукозаписи и т.д. русский
-- английский
Язык оглавления английский
102 ## - СТРАНА ПУБЛИКАЦИИ ИЛИ ПРОИЗВОДСТВА
Страна публикации российская федерация
105 ## - ПОЛЕ КОДИРОВАННЫХ ДАННЫХ: ТЕКСТОВЫЕ МАТЕРИАЛЫ, МОНОГРАФИЧЕСКИЕ
Кодированные данные о монографическом текстовом документе a |||||||||
200 1# - ЗАГЛАВИЕ И СВЕДЕНИЯ ОБ ОТВЕТСТВЕННОСТИ
Основное заглавие Международная конференция "Девонские наземные и морские обстановки: от континента к шельфу", 25 июля - 9 августа 2005, Новосибирск, Россия
Параллельное заглавие International conference "Devonian terrestrial and marine environments: from continent to shelf"
Сведения, относящиеся к заглавию (проект 499 МПГК/ Международная подкомиссия по стратиграфии девона)
Язык параллельного заглавия английский
210 ## - ПУБЛИКАЦИЯ, РАСПРОСТРАНЕНИЕ И ДР.
Место издания, распространения и т.д. Новосибирск
Имя издателя, распространителя и т. д. Изд-во РАН, Филиал "ГЕО"
Дата издания, распространения и т.д. 2005
215 ## - ФИЗИЧЕСКАЯ ХАРАКТЕРИСТИКА
Специфическое обозначение материала и объем 154 с.
Другие сведения о физической характеристике ил.
Размеры 28
300 ## - ОБЩИЕ ПРИМЕЧАНИЯ
Текст примечания Часть текста на англ. яз.
510 1# - ПАРАЛЛЕЛЬНОЕ ЗАГЛАВИЕ
Связь между полями z01791
Параллельное заглавие International conference "Devonian terrestrial and marine environments: from continent to shelf"
Язык заглавия русский
606 1# - НАИМЕНОВАНИЕ ТЕМЫ КАК ПРЕДМЕТ
Наименование темы Девонский период
Формальный подзаголовок Съезды, совещания и т.п.
Тематический подзаголовок Палеогеография
Системный номер авторитетной/нормативной записи 2393994
Идентификатор авторитетной/нормативной записи RU\NLR\auth\661427452
686 ## - ИНДЕКСЫ ДРУГИХ КЛАССИФИКАЦИЙ
Индекс Д432.44-9я431(0)
710 12 - НАИМЕНОВАНИЕ ОРГАНИЗАЦИИ - ПЕРВИЧНАЯ ОТВЕТСТВЕННОСТЬ
Код отношения Автор
Начальный элемент ввода "Девонские наземные и морские обстановки: от континента к шельфу", международная конференция
Дата проведения временной организации 2005
Место проведения временной организации Новосибирск
Идентификатор авторитетной/нормативной записи RU\NLR\AUTH\8810069939
Системный номер авторитетной/нормативной записи 641507
791 12 - НАИМЕНОВАНИЕ ОРГАНИЗАЦИИ - АЛЬТЕРНАТИВНАЯ ФОРМА
Код отношения Автор
Начальный элемент ввода "Devonian terrestrial and marine environments: from continent to shelf", international conference
Дата проведения временной организации 2005
Место проведения временной организации Novosibirsk
Идентификатор авторитетной/нормативной записи RU\NLR\auth\8810069940
Системный номер авторитетной/нормативной записи 641509
801 #0 - ИСТОЧНИК ЗАПИСИ
Страна российская федерация
Организация NLR
Дата составления 20050916
Правила каталогизации rcr
801 #1 - ИСТОЧНИК ЗАПИСИ
Страна российская федерация
Организация NLR
Дата составления 20050916
942 ## - ДОПОЛНИТЕЛЬНЫЕ ЭЛЕМЕНТЫ ЗАПИСИ (АБИС)
Тип экземпляра АБИС Книга
980 ## - КОЛЛЕКЦИЯ
Название коллекции Национальная библиография
Экземпляры
Тип экземпляра Дата поступления Источник поступления Библиотека постоянного хранения Библиотека текущего хранения Место хранения Шифр хранения Штрих-код Статус не для выдачи
Книга 16.09.2005 Обязательный экземпляр РНБ (Московский) РНБ (Московский) Русский книжный фонд: издания с 1957 года, 3этаж 2005-8/2651 994167  
Книга 16.09.2005 Обязательный экземпляр РНБ (Московский) РНБ (Московский) Русский книжный фонд: издания с 1957 года, 3этаж 2005-8/2651 994168